000 00528nam a2200157Ia 4500
008 260520s2023 xx 000 0 und d
041 _amar
082 _a631.584/CHI
100 _aचिपळूणकर, प्र र
245 _aसेंद्रीय खत व्यवस्थापन आणि पिकांचे पोषण
250 _a1st ed
260 _aकोल्हापुर
_bतेजस प्रकाशन
_c2023
300 _a32p.
500 _aCat No: 15187
650 _aAGRICULTURE
999 _c1221913
_d1221913